Ayúdame a crecer : (Registro nro. 12005)

Detalles MARC
000 -LIDER
fixed length control field 00964nam a22002657a 4500
001 - NÚMERO DE CONTROL
Identificador de número de control 000723
003 - IDENTIFICACDOR DE NÚMERO DE CONTROL
control field DO-SdBNP
005 - DATE AND TIME OF LATEST TRANSACTION
control field 20180209115501.0
007 - CAMPOS FIJOS DE DESCRIPCIÓN FÍSICA
fixed length control field 000723
008 - ELEMENTOS DE LONGITUD FIJA
fixed length control field 161118b 1999 ck a ||||| |||| 00| 0 spa d
020 ## - ISBN
International Standard Book Number 9586155137 (V. 1)
020 ## - ISBN
International Standard Book Number 9586155145 (V. 2)
040 ## - FUENTE DE CATALOGACIÓN
Agencia que crea de manera original el registro BPMSU
Idioma de catalogación spa
Agencia que realiza la transcripción BPMSU
082 ## - NÚMERO DE CLASIFICACIÓN DECIMAL DE DEWEY
Classification number xxxx
Item number xxxx
100 1# - ASIENTO PRINCIPAL -- NOMBRE PERSONAL
Nombre personal Cecilia Betancourt, María
245 00 - MENCIÓN DE TITULO
Título Ayúdame a crecer :
Subtítulo una guía completa para la correcta formación de los niños y las niñas /
Mención de responsabilidad María Cecilia Betancourt, Clara Patrcia Camaho, María Esther Cavagnis.
260 ## - PUBLICACIÓN, DISTRIBUCIÓN, ETC. (PIE DE IMPRENTA)
Lugar de publicación, distribución, etc Santa Fe, Bogotá :
Nombre del editor, distribuidor, etc. Educar Cultural Recreativa,
Fecha de publicación, distribución, etc 1999.
300 ## - DESCRIPCIÓN FÍSICA
Extensión 129 p. :
Otros detalles físicos il. ;
Dimensiones 28 cm.
505 0# - NOTA DE CONTENIDO
Información miscelánea v. 1
Título El hijo ya está en casa--
Información miscelánea v. 2
Título Relacionándose con los otros --
700 12 - ASIENTO SECUNDARIO -- NOMBRE PERSONAL
Nombre personal Camaho, Clara Patrcia
700 12 - ASIENTO SECUNDARIO -- NOMBRE PERSONAL
Nombre personal Cavagnis, María Esther
942 ## - ADDED ENTRY ELEMENTS (KOHA)
Source of classification or shelving scheme Dewey Decimal Classification
Koha item type Libros
945 ## - INFORMACIÓN DE PROCESAMIENTO LOCAL
Información de procesamiento local inventariado, 2018 / dg
956 ## - LOCAL ELECTRONIC LOCATION AND ACCESS (OCLC)
Método de acceso LOPEREZ
Materiales especificados 10
Enlace 20161118
Campo enlazado y núm. de secuencia BPMSU
Nombre de host 00041
Existencias
Withdrawn status Lost status Source of classification or shelving scheme Damaged status Not for loan Collection code Home library Current library Date acquired Source of acquisition Total Checkouts Full call number Barcode Date last seen Copy number Price effective from Koha item type
    Dewey Decimal Classification     Colección Infantil General Biblioteca Pública Metropolitana Salomé Ureña Biblioteca Pública Metropolitana Salomé Ureña 11/18/2016 Donación   xxxx xxxx BPMSU16111429 11/18/2016 v. 1 11/18/2016 Libros
    Dewey Decimal Classification     Colección Infantil General Biblioteca Pública Metropolitana Salomé Ureña Biblioteca Pública Metropolitana Salomé Ureña 11/18/2016 Donación   xxxx xxxx BPMSU16111430 11/18/2016 v. 2 11/18/2016 Libros